| 000 | 00864cam a22002653a 4500 | ||
|---|---|---|---|
| 001 | 1363 | ||
| 003 | PGUSA | ||
| 005 | 20140828083000.0 | ||
| 008 | 980601s1998||||xxu|||||s|||||000 1 eng d | ||
| 040 |
_aPGUSA _beng |
||
| 042 | _adc | ||
| 050 | 4 | _aPZ | |
| 100 | 1 | _aAppleton, Victor | |
| 245 | 1 | 0 |
_aTom Swift Among the Fire Fighters; Or, Battling with Flames from the Air _h[electronic resource] / _cVictor Appleton |
| 260 |
_bProject Gutenberg, _c1998 |
||
| 506 | _aPublic domain in the USA. | ||
| 516 | _aElectronic text | ||
| 653 | _aFire extinction -- Juvenile fiction | ||
| 653 | _aFire fighters -- Juvenile fiction | ||
| 653 | _aSwift, Tom (Fictitious character) -- Juvenile fiction | ||
| 653 | _aAdventure and adventurers -- Juvenile fiction | ||
| 830 | 0 |
_aProject Gutenberg _v1363 |
|
| 856 | 4 | 0 | _uhttp://www.gutenberg.org/ebooks/1363 |
| 942 | _cEB | ||
| 999 |
_c230711 _d230711 |
||